• 首页
  • 本馆介绍
  • 公告通知
  • 最新文献
  • 馆藏检索
  • 电子资源
  • 读者导购
  • 参考咨询
  • 我的图书馆
  • 登录
  • 详细信息显示
  • 放入我的书架
  • 预约/预借图书
  • 作者相关作品
  • 分类相关作品
  • 丛书相关作品
  • 出版社相关作品

书目信息

  • 表格格式
  • 工作单格式
  • 卡片格式
题名:
凌濛初全集
    
 
作者: 魏同贤 , 安平秋 主编
分册: 壹   《圣门传诗嫡冢》 《言诗翼》 《诗逆》
出版信息: 南京   凤凰出版社  2010.12
页数: 1册
开本: 22cm
丛书名:
单 册:
中图分类: C52 , I207.22
科图分类:
主题词: 古典诗歌--诗歌研究--中国 , 古典诗歌 , 诗歌研究
电子资源:
ISBN: 978-7-5506-0145-1
000 01090nam0 2200313 450
001 010050020337
005 20181030170325.89
010    @a978-7-5506-0145-1@b精装@dCNY88.00,CNY880.00(全10册)
100    @a20111010d2010 em y0chiy50 ea
101 0  @achi
102    @aCN@b320000
105    @ac z 000yy
106    @ar
200 1  @a凌濛初全集@9ling meng chu quan ji@h壹@i《圣门传诗嫡冢》 《言诗翼》 《诗逆》@f魏同贤,安平秋主编
210    @a南京@c凤凰出版社@d2010.12
215    @a1册@c画像@d22cm
300    @a国家“十一五”重点图书出版规划项目 全国高校古籍整理研究工作委员会资助项目 全国古籍整理出版规划领导小级资助出版
330    @a本书是凌濛初全集第一册,收录了《圣门传诗嫡冢》、《言诗翼》、《诗逆》三部作品。
600  0 @a凌蒙初@f(1580-1644)@j文集
600  0 @a凌蒙初@f(1580-1644)
606 0  @a古典诗歌@x诗歌研究@y中国
606 0  @a古典诗歌
606 0  @a诗歌研究
690    @aC52@v5
690    @aI207.22@v5
701  0 @a魏同贤@9wei tong xian@4主编
701  0 @a安平秋@9an ping qiu@4主编
801  0 @aCN@bRENTIAN@c20111010
905    @b1097894-96@dC52@e399:1@f3
    
    凌濛初全集.壹.《圣门传诗嫡冢》 《言诗翼》 《诗逆》/魏同贤,安平秋主编.-南京:凤凰出版社,2010.12
    1册:画像;22cm
    国家“十一五”重点图书出版规划项目 全国高校古籍整理研究工作委员会资助项目 全国古籍整理出版规划领导小级资助出版
    
    ISBN 978-7-5506-0145-1(精装):CNY88.00,CNY880.00(全10册)
    本书是凌濛初全集第一册,收录了《圣门传诗嫡冢》、《言诗翼》、《诗逆》三部作品。
●
相关链接 在E读中查询图书 在五车中查询图书 在当当中查询图书 在豆瓣中查询图书


正题名:凌濛初全集     索取号:C52/399:1         预约/预借

序号 登录号 条形码 馆藏地/架位号 状态 备注
1 1097894   210978940   第一样本阅览室/ [索取号:C52/399:1] 在馆    
2 1097895   210978959   教育系资料室/ [索取号:C52/399:1] 在馆    
3 1097896   210978968   第一借阅区/ [索取号:C52/399:1] 在馆    
唐山师范学院图书馆 欢迎您!
大连网信软件有限公司© 版权所有